00548nam a2200133Ia 450000500170000000800410001702000180005805000280007624501300010426000550023430000290028950000510031865000450036920141021142741.0140321s9999 xx 000 0 und d a9780415648622 aBF 698.9.I6b.In55 2001 aIntelligence and personality :bbridging the gap in theory and measurement /cedited by : Janet M. Collis and Samuel Messick. aNew Jersey :bLawrence Erlbaum Associates,cc2001. a387 p. :bill. ;c24 cm. aIncludes bibliographical references and index. aPersonality and intelligencexCogresses.